| 000 | 00000nas 2200000za 4500 |
| 001 | 9.814492 |
| 003 | CaOODSP |
| 005 | 20230201112825 |
| 007 | cr ||||||||||| |
| 008 | 160406d20142016onc|| m o f0 a0eng|d |
| 040 | |aCaOODSP|beng |
| 043 | |an-cn--- |
| 086 | 1 |aEm11-1E-PDF |
| 245 | 00|aNew Horizons for Seniors Program fact sheet series. |
| 264 | 1|a[Ottawa] : |bEmployment and Social Development Canada, |c[2014]-[2016] |
| 362 | 1 |ano. 1 [2014]-no. 8 [2016]. |
| 500 | |aIssued also in French under title: Programme nouveaux horizons pour les aînés, fiche d'information. |
| 692 | 07|2gccst|aInformation |
| 692 | 07|2gccst|aSeniors |
| 710 | 1 |aCanada. |bEmployment and Social Development Canada. |
| 775 | 08|tProgramme nouveaux horizons pour les aînés, fiche d'information.|w(CaOODSP)9.814495 |